[Event "IECG CP.2000.P.00083"]
[Site "IECG email"]
[Date "2000.10.01"]
[Round "?"]
[White "Coarasa, Carlos Rodriguez"]
[Black "Delgado, Francisco Jr"]
[Result "1-0"]
[WhiteElo "1637"]
[BlackElo "1477"]
[PlyCount "66"]
[EventDate "2000.10.01"]
[EventType "tourn (corr)"]
[EventRounds "6"]
[EventCountry "NED"]
[SourceTitle "Corr 2008"]
[Source "ChessBase"]
[SourceDate "2008.06.24"]
[SourceVersion "1"]
[SourceVersionDate "2008.06.24"]
[SourceQuality "1"]

1. e4 c5 2. Nf3 d6 3. d4 cxd4 4. Nxd4 Nf6 5. Nc3 a6 6. Be2 e6 7. 0-0 Be7 8. Kh1 e5 9. Nb3 Nc6 10. f4 exf4 11. Bxf4 h6 12. a3 Be6 13. Nd4 Qd7 14. Nf3 g5 15. Be3 d5 16. exd5 Nxd5 17. Nxd5 Bxd5 18. c4 Be6 19. Qc2 Bf5 20. Qc3 0-0-0 21. b4 Qe6 22. Rac1 Bf6 23. Qb3 Rhe8 24. Bb6 Qxe2 25. Bxd8 Rxd8 26. b5 Rd3 27. Qa4 Be4 28. bxc6 Bxf3 29. gxf3 Rd2 30. cxb7+ Kb8 31. Rf2 Qxf2 32. Qe8+ Bd8 33. Qe5+ Bc7 1-0

[Event "IECG CP.2000.P.00083"]
[Site "IECG email"]
[Date "2000.10.01"]
[Round "?"]
[White "Coarasa, Carlos Rodriguez"]
[Black "Differ, Christophe"]
[Result "0-1"]
[WhiteElo "1637"]
[BlackElo "1860"]
[PlyCount "52"]
[EventDate "2000.10.01"]
[EventType "tourn (corr)"]
[EventRounds "6"]
[EventCountry "NED"]
[SourceTitle "Corr 2008"]
[Source "ChessBase"]
[SourceDate "2008.06.24"]
[SourceVersion "1"]
[SourceVersionDate "2008.06.24"]
[SourceQuality "1"]

1. e4 c5 2. Nf3 Nc6 3. d4 cxd4 4. Nxd4 Nf6 5. Nc3 e5 6. Ndb5 d6 7. Bg5 a6 8. Na3 b5 9. Nd5 Be7 10. Bxf6 Bxf6 11. c4 b4 12. Nc2 a5 13. Nce3 Bg5 14. Rc1 0-0 15. h4 Bxe3 16. Nxe3 Be6 17. h5 h6 18. Be2 Rc8 19. Bg4 Nd4 20. b3 Qg5 21. Nf5 d5 22. c5 dxe4 23. Nxd4 Bxg4 24. Ne2 Rfd8 25. Qc2 Rxc5 26. Qxc5 Qd2+ 0-1

[Event "IECG CP.2000.P.00083"]
[Site "IECG email"]
[Date "2000.10.01"]
[Round "?"]
[White "Simmelink, Joop Theo"]
[Black "Coarasa, Carlos Rodriguez"]
[Result "1-0"]
[WhiteElo "2269"]
[BlackElo "1637"]
[PlyCount "21"]
[EventDate "2000.10.01"]
[EventType "tourn (corr)"]
[EventRounds "6"]
[EventCountry "NED"]
[SourceTitle "Corr 2008"]
[Source "ChessBase"]
[SourceDate "2008.06.24"]
[SourceVersion "1"]
[SourceVersionDate "2008.06.24"]
[SourceQuality "1"]

1. e4 c5 2. Nf3 e6 3. d4 cxd4 4. Nxd4 Nc6 5. Nc3 Nf6 6. Ndb5 d6 7. Bf4 e5 8. Bg5 Be7 9. Bxf6 gxf6 10. Nd5 f5 11. Nbc7+ 1-0

[Event "IECG C1.2000.0.00259"]
[Site "IECG email"]
[Date "2000.01.30"]
[Round "?"]
[White "Coarasa, Carlos Rodriguez"]
[Black "Rose, Robert E"]
[Result "0-1"]
[WhiteElo "1920"]
[BlackElo "1800"]
[PlyCount "40"]
[EventDate "2000.01.30"]
[EventType "tourn (corr)"]
[EventRounds "6"]
[SourceTitle "Corr 2008"]
[Source "ChessBase"]
[SourceDate "2008.06.24"]
[SourceVersion "1"]
[SourceVersionDate "2008.06.24"]
[SourceQuality "1"]

1. e4 c5 2. Nf3 d6 3. c4 e5 4. Nc3 f5 5. Be2 Nf6 6. d3 Nc6 7. a3 Bd7 8. Rb1 Be7 9. b4 b6 10. 0-0 0-0 11. b5 Nd4 12. a4 f4 13. h3 Kh8 14. Nh2 Qe8 15. Bg4 Nxg4 16. Nxg4 f3 17. Be3 Qh5 18. Bxd4 cxd4 19. Nd5 Bxg4 20. hxg4 Qxg4 0-1